Normal view MARC view

Entry Topical Term

Number of records used in: 1

001 - CONTROL NUMBER

  • control field: 52422

003 - CONTROL NUMBER IDENTIFIER

  • control field: AUA.1

005 - DATE AND TIME OF LATEST TRANSACTION

  • control field: 20160118094916.0

008 - FIXED-LENGTH DATA ELEMENTS

  • fixed length control field: 160118|||a|||||| | ||| d

040 ## - CATALOGING SOURCE

  • Original cataloging agency: AUA.1
  • Transcribing agency: AUA.1

150 ## - HEADING--TOPICAL TERM

  • Topical term or geographic name as entry element: Religion
  • Form subdivision: Christian Theology
  • General subdivision: Systematic Theology

670 ## - SOURCE DATA FOUND

  • Source citation: Work cat.: (AUA.1)12242: Ward, Keith, 1938- 43603, Christianity :, c2000.